Loading...
| Current Events | 2 | 10.00 | 100% | 0% | 0% |
| Fine Arts - Auditory | 6 | 11.67 | 83% | 33% | 0% |
| Fine Arts - Other | 5 | 18.00 | 100% | 60% | 20% |
| Fine Arts - Visual | 8 | 23.75 | 100% | 100% | 38% |
| Geography | 8 | 15.00 | 100% | 38% | 13% |
| History - American | 7 | 20.00 | 100% | 86% | 14% |
| History - Ancient | 2 | 20.00 | 100% | 100% | 0% |
| History - Ancient/Other | 3 | 16.67 | 100% | 67% | 0% |
| History - European | 7 | 22.86 | 100% | 86% | 43% |
| History - World | 8 | 20.00 | 100% | 88% | 13% |
| Literature - American | 5 | 24.00 | 100% | 80% | 60% |
| Literature - British | 6 | 18.33 | 100% | 67% | 17% |
| Literature - European | 6 | 21.67 | 100% | 83% | 33% |
| Literature - World | 5 | 22.00 | 100% | 100% | 20% |
| Mythology | 5 | 14.00 | 100% | 40% | 0% |
| Other Academic | 2 | 25.00 | 100% | 100% | 50% |
| Philosophy | 7 | 25.71 | 100% | 86% | 71% |
| Religion | 8 | 20.00 | 88% | 88% | 25% |
| Science - Biology | 5 | 8.00 | 80% | 0% | 0% |
| Science - Chemistry | 5 | 6.00 | 60% | 0% | 0% |
| Science - Other | 8 | 5.00 | 50% | 0% | 0% |
| Science - Physics | 7 | 1.43 | 14% | 0% | 0% |
| Social Science | 12 | 16.67 | 92% | 58% | 17% |